000 00275nam a2200109Ia 4500
008 190912s9999||||xx |||||||||||||| ||und||
100 _aSarwat Sultana Sarwat
245 0 _aDil ni mari Kuch Tum say Kha Hain
260 _aKarachi
_bGhazali
_c2000
300 _a144
942 _cBK
999 _c7887
_d7887